[Event "Konyaalti Open-A 2019"]
[Site "Konyaalti"]
[Date "2019.11.23"]
[Round "9.1"]
[White "Ibrahimov, Rasul"]
[Black "Nigalidze, Gaioz"]
[Result "1/2-1/2"]
[WhiteElo "2518"]
[BlackElo "2472"]
[Annotator "TA"]
[PlyCount "43"]
[EventDate "2019.11.20"]
[EventType "swiss"]
[EventCountry "TUR"]
[SourceTitle "playchess.com"]
[Source "ChessBase"]
[SourceQuality "1"]

{[%evp 17,43,51,64,23,26,30,45,46,40,25,56,37,40,36,26,35,53,15,15,19,13,12,24,0,0,-33,0,0]} 1. d4 f5 2. Nf3 Nf6 3. g3 g6 4. b3 Bg7 5. Bb2 O-O 6. c4 d6 7. Bg2 c6 8. O-O e5 9. dxe5 Ng4 10. Nbd2 {A87: Dutch Defence: Leningrad System: 5 Nf3} (10. Nc3 dxe5 11. e4 f4 12. Qxd8 Rxd8 13. Rad1 Re8 14. h3 Nh6 15. gxf4 exf4 16. e5 Nf7 17. Ne4 Bf5 {0-1 (51) Carneiro,V (2405)-Vokhidov,S (2292) Khanty-Mansiysk 2015}) 10... Nxe5 11. Qc2 Nbd7 {[%cal Bb8d7,Bd7c5,Bc5e6][%mdl 32]} 12. Rad1 {White is slightly better.} Qe7 13. Ba3 Nc5 14. b4 {[%cal Bb3b4,Bb4b5][%mdl 32]} Ne6 15. b5 c5 16. Bb2 $146 ({Predecessor:} 16. e3 a6 17. Bc1 Nd7 {0-1 (39) Najdorf,M-Johannessen,S Havana 1966}) 16... Rb8 17. Nb1 {[%cal Bd2b1,Bb1c3,Bc3d5][%mdl 32]} b6 18. Nc3 Bb7 19. Nxe5 dxe5 20. e3 e4 21. Nd5 Qf7 (21... Bxd5 $5 22. cxd5 Bxb2 $15) 22. Rd2 {Accuracy: White = 49%, Black = 90%.} 1/2-1/2

[Event "Konyaalti Open-A 2019"]
[Site "Konyaalti"]
[Date "2019.11.22"]
[Round "9.4"]
[White "Lortkipanidze, Nodar"]
[Black "Ozen, Deniz"]
[Result "1/2-1/2"]
[WhiteElo "2377"]
[BlackElo "2422"]
[Annotator "ChessBase"]
[PlyCount "20"]
[EventDate "2019.11.20"]
[EventType "swiss"]
[EventCountry "TUR"]
[SourceTitle "playchess.com"]
[Source "ChessBase"]
[SourceQuality "1"]
[TimeControl "5400+30"]

1. d4 {[%emt 0:03:30]} d5 {[%emt 0:05:30]} 2. c4 {[%emt 0:00:30]} c6 {[%emt 0:00:00]} 3. cxd5 {[%emt 0:00:30]} cxd5 {[%emt 0:00:00]} 4. Nc3 {[%emt 0:00:00]} Nc6 {[%emt 0:00:30]} 5. Bf4 {[%emt 0:00:00]} Nf6 {[%emt 0:01:30]} 6. e3 {[%emt 0:00:30]} Bf5 {[%emt 0:00:30]} 7. Bd3 {[%emt 0:00:30]} Bxd3 {[%emt 0:00:30]} 8. Qxd3 {[%emt 0:00:00]} e6 {[%emt 0:00:00]} 9. Nf3 {[%emt 0:00:00]} Bd6 {[%emt 0:00:00]} 10. Bxd6 {[%emt 0:00:30]} Qxd6 1/2-1/2

[Event "Konyaalti Open-A 2019"]
[Site "Konyaalti"]
[Date "2019.11.23"]
[Round "9.5"]
[White "Moiseenko, Vadim"]
[Black "Bashirli, Nail"]
[Result "1/2-1/2"]
[WhiteElo "2532"]
[BlackElo "2383"]
[Annotator "ChessBase"]
[PlyCount "66"]
[EventDate "2019.11.20"]
[EventType "swiss"]
[EventCountry "TUR"]
[SourceTitle "playchess.com"]
[Source "ChessBase"]
[SourceQuality "1"]
[TimeControl "5400+30"]

1. e4 {[%emt 0:07:30]} c5 {[%emt 0:09:30]} 2. Nf3 {[%emt 0:00:00]} d6 {[%emt 0:00:00]} 3. d4 {[%emt 0:00:00]} cxd4 {[%emt 0:00:00]} 4. Nxd4 {[%emt 0:00:00]} Nf6 {[%emt 0:00:00]} 5. Nc3 {[%emt 0:00:00]} Nc6 {[%emt 0:00:00]} 6. Bc4 {[%emt 0:00:30]} e6 {[%emt 0:00:30]} 7. Be3 {[%emt 0:00:00]} a6 {[%emt 0:01:30]} 8. f4 {[%emt 0:00:00]} Qc7 {[%emt 0:01:30]} 9. Bb3 {[%emt 0:00:00]} Be7 {[%emt 0:08:30]} 10. Qf3 {[%emt 0:01:00]} O-O {[%emt 0:09:30]} 11. f5 {[%emt 0:00:30]} Nxd4 {[%emt 0:08:30]} 12. Bxd4 {[%emt 0:00:30]} b5 {[%emt 0:01:30]} 13. a3 {[%emt 0:03:30]} Rb8 {[%emt 0:10:30]} 14. fxe6 {[%emt 0:06:30]} Bxe6 {[%emt 0:02:30]} 15. O-O {[%emt 0:00:30]} b4 {[%emt 0:09:30]} 16. Nd5 {[%emt 0:00:30]} Bxd5 {[%emt 0:00:30]} 17. exd5 {[%emt 0:00:00]} Nd7 {[%emt 0:10:30]} 18. axb4 {[%emt 0:01:00]} Rxb4 {[%emt 0:00:00]} 19. Qc3 {[%emt 0:00:00]} Qb7 {[%emt 0:09:21]} 20. Bxg7 {[%emt 0:03:00]} Rc8 {[%emt 0:01:49]} 21. Qf3 {[%emt 0:00:30]} f6 {[%emt 0:00:08]} 22. Bh6 {[%emt 0:00:30]} Ne5 {[%emt 0:00:05]} 23. Qf5 {[%emt 0:00:30]} Kh8 {[%emt 0:01:21]} 24. h3 {[%emt 0:02:30]} Rg8 {[%emt 0:01:07]} 25. Kh1 {[%emt 0:01:30]} Bd8 {[%emt 0:03:07]} 26. Qe6 {[%emt 0:03:30]} Rh4 {[%emt 0:01:03]} 27. Rxf6 {[%emt 0:00:30]} Rxh6 {[%emt 0:05:20]} 28. Rxh6 {[%emt 0:00:30]} Qg7 {[%emt 0:00:06]} 29. g4 {[%emt 0:03:30]} Qf8 {[%emt 0:00:22]} 30. Rg1 {[%emt 0:05:30]} Qf3+ {[%emt 0:03:05]} 31. Rg2 {[%emt 0:00:00]} Bg5 {[%emt 0:01:15]} 32. Rh5 {[%emt 0:00:00]} Qf1+ {[%emt 0:02:41]} 33. Rg1 {[%emt 0:00:30]} Qf3+ {[%emt 0:00:35]} 1/2-1/2

[Event "Konyaalti Open-A 2019"]
[Site "Konyaalti"]
[Date "2019.11.23"]
[Round "9.6"]
[White "Mammadov, Zaur"]
[Black "Yelligedik, Murat"]
[Result "1-0"]
[WhiteElo "2421"]
[BlackElo "2040"]
[Annotator "TA"]
[PlyCount "123"]
[EventDate "2019.11.20"]
[EventType "swiss"]
[EventCountry "TUR"]
[SourceTitle "playchess.com"]
[Source "ChessBase"]
[SourceQuality "1"]

{[%evp 10,123,56,12,10,11,55,53,43,47,64,39,51,27,31,25,31,12,16,-12,7,-15,-14,-20,14,-17,-15,-23,-23,-16,8,1,0,3,0,0,0,0,0,0,0,0,-2,-33,-12,-18,13,14,75,67,75,68,85,85,85,85,85,82,83,85,84,87,78,72,108,88,100,106,115,123,184,166,203,169,277,277,323,320,341,336,468,440,455,462,470,450,616,473,573,540,1059,1025,847,627,667,572,650,647,591,497,479,476,468,458,832,814,3255,5622,2110,2125,12669,12112,5014,2175,1654,1889]} 1. d4 c5 2. e3 Nf6 3. Nf3 e6 4. c4 Be7 5. Nc3 O-O 6. Bd3 (6. d5 $5 {[%cal Rd5d6]} d6 7. e4 $14) 6... cxd4 {A34: Symmetrical English: 2 Nc3, lines with ...d5} 7. exd4 d6 8. O-O b6 {White is slightly better.} 9. Re1 (9. Bg5 Nbd7 10. Rc1 Bb7 {0-1 (27) Huschenbeth,N (2585)-Admiraal,M (2478) chess.com INT 2019}) 9... Bb7 10. Qe2 (10. d5 $5) 10... Nbd7 11. Bg5 Re8 12. Rad1 a6 13. Bc2 $146 ({Predecessor:} 13. h3 Qc7 14. d5 e5 15. Ne4 g6 16. Nh4 Nxe4 17. Bxe7 {½-½ (81) Ahlers,B (2184)-Oms Pallisse,J (2453) Andorra 2002}) 13... Qc7 14. Nd2 b5 15. cxb5 (15. Bf4 {with more complications.} bxc4 16. Nxc4 Nb6 17. Bb3 Nbd5 18. Nxd5 Nxd5 19. Bd2) 15... axb5 16. Rc1 Qb6 (16... Bc6 {seems wilder.} 17. Nxb5 Qb7 18. a4 Reb8 19. Nc4 Bxb5 20. axb5 Qxb5 21. Bf4 g6) 17. Qxb5 Qxb5 18. Nxb5 Rxa2 19. Nc4 Rb8 20. Bf4 ({Don't play} 20. Ncxd6 Ba6 $17) 20... Bd5 21. Nbxd6 Nh5 22. Nf5 {[%mdl 64] [#] Pin} Nxf4 23. Nxe7+ Kf8 $1 24. Nxd5 exd5 25. Bb1 Raa8 26. Nd6 Ra6 {[%mdl 1024] Black has compensation.} 27. Nf5 Re6 {White must now prevent ...Ne2+.} 28. Ne3 $36 {[%mdl 2048] White has the initiative.} Reb6 (28... Rd6 $11 {remains equal.}) 29. g3 $16 (29. Bxh7 $2 g6 $17) 29... Ne6 30. Nxd5 Rxb2 31. Bf5 Nxd4 32. Bxd7 {Bg4 is the strong threat.} Nf3+ 33. Kg2 Nxe1+ 34. Rxe1 Rd2 35. Bc6 Rc8 36. Nb4 g5 37. Re4 Rb8 38. Rc4 Rbd8 39. Nc2 R8d6 (39... h5 $16 {keeps fighting.}) 40. Bf3 Rd8 41. Ne3 R2d7 (41... Rb8 $142 42. Nf1 Ra2) 42. Rc5 $18 f6 43. Nf5 Ra7 44. Rc6 Ra5 45. Rxf6+ {White is clearly winning.} Kg8 46. g4 Re5 47. Ra6 Rd2 48. Ra7 Rc5 49. Be4 Re5 50. Nh6+ Kf8 51. Bxh7 Re1 52. Rf7+ Ke8 {Now ...Re6 and Black clings on.} 53. Bg6 Kd8 54. Nf5 Re4 {Black hopes to continue with ...Rf4.} 55. Rf8+ Kc7 {and the idea ...Rf4 leaves Black hopeful.} 56. Kg3 Rf4 (56... Re6 $142 57. Rf7+ Kd8) 57. Ng7 Rxf8 58. Ne6+ {[%mdl 64] [#] Double Attack} Kd6 59. Nxf8 Rb2 60. Nh7 Ke5 61. Bf5 Rb3+ 62. f3 {Accuracy: White = 72%, Black = 35%.} 1-0

[Event "Konyaalti Open-A 2019"]
[Site "Konyaalti"]
[Date "2019.11.23"]
[Round "9.7"]
[White "Kiremitciyan, Ari"]
[Black "Yurtseven, Melih"]
[Result "1/2-1/2"]
[WhiteElo "2264"]
[BlackElo "2388"]
[Annotator "ChessBase"]
[PlyCount "59"]
[EventDate "2019.11.20"]
[EventType "swiss"]
[EventCountry "TUR"]
[SourceTitle "playchess.com"]
[Source "ChessBase"]
[SourceQuality "1"]
[TimeControl "5400+30"]

1. Nf3 {[%emt 0:00:30]} Nf6 {[%emt 0:08:30]} 2. c4 {[%emt 0:00:30]} e6 {[%emt 0:00:00]} 3. g3 {[%emt 0:09:30]} a6 {[%emt 0:03:00]} 4. Bg2 {[%emt 0:09:30]} b5 {[%emt 0:00:00]} 5. b3 {[%emt 0:00:30]} Bb7 {[%emt 0:00:00]} 6. O-O {[%emt 0:00:30]} Be7 {[%emt 0:00:30]} 7. Na3 {[%emt 0:02:30]} b4 {[%emt 0:02:30]} 8. Nc2 {[%emt 0:00:30]} c5 {[%emt 0:00:30]} 9. Ne3 {[%emt 0:04:30]} d6 {[%emt 0:04:30]} 10. a3 {[%emt 0:03:30]} a5 {[%emt 0:01:30]} 11. d4 {[%emt 0:09:30]} Nbd7 {[%emt 0:00:30]} 12. d5 {[%emt 0:15:30]} exd5 {[%emt 0:00:30]} 13. Nh4 {[%emt 0:00:30]} Nb6 {[%emt 0:00:30]} 14. cxd5 {[%emt 0:06:30]} g6 {[%emt 0:05:30]} 15. Bb2 {[%emt 0:01:30]} O-O {[%emt 0:03:30]} 16. axb4 {[%emt 0:02:30]} axb4 {[%emt 0:00:00]} 17. Rxa8 {[%emt 0:00:30]} Bxa8 {[%emt 0:00:00]} 18. Qd2 {[%emt 0:04:30]} Nbd7 {[%emt 0:17:30]} 19. Ra1 {[%emt 0:05:30]} Re8 {[%emt 0:03:30]} 20. Nef5 {[%emt 0:07:27]} Bf8 {[%emt 0:06:30]} 21. e4 {[%emt 0:05:05]} Nxe4 {[%emt 0:18:30]} 22. Bxe4 {[%emt 0:03:46]} Rxe4 {[%emt 0:00:30]} 23. f3 {[%emt 0:05:42]} Re8 {[%emt 0:09:41]} 24. Nh6+ {[%emt 0:00:15]} Bxh6 {[%emt 0:00:02]} 25. Qxh6 {[%emt 0:00:03]} f6 {[%emt 0:11:03]} 26. Nxg6 {[%emt 0:00:02]} hxg6 {[%emt 0:03:37]} 27. Qxg6+ {[%emt 0:00:02]} Kf8 {[%emt 0:00:07]} 28. Qh6+ {[%emt 0:00:59]} Kg8 {[%emt 0:00:04]} 29. Qg6+ {[%emt 0:00:05]} Kf8 {[%emt 0:00:03]} 30. Qh6+ {[%emt 0:00:18]} 1/2-1/2

[Event "Konyaalti Open-A 2019"]
[Site "Konyaalti"]
[Date "2019.11.23"]
[Round "9.9"]
[White "Samani, Yamac"]
[Black "Mirzoev, Azer"]
[Result "0-1"]
[WhiteElo "2305"]
[BlackElo "2472"]
[Annotator "ChessBase"]
[PlyCount "206"]
[EventDate "2019.11.20"]
[EventType "swiss"]
[EventCountry "TUR"]
[SourceTitle "playchess.com"]
[Source "ChessBase"]
[SourceQuality "1"]
[TimeControl "5400+30"]

1. e4 {[%emt 0:08:30]} e5 {[%emt 0:00:30]} 2. Nf3 {[%emt 0:00:30]} Nc6 {[%emt 0:00:00]} 3. Bb5 {[%emt 0:00:00]} Nge7 {[%emt 0:00:00]} 4. O-O {[%emt 0:01:00]} a6 {[%emt 0:00:30]} 5. Ba4 {[%emt 0:00:30]} d6 {[%emt 0:00:00]} 6. c3 {[%emt 0:00:30]} Bd7 {[%emt 0:00:00]} 7. d4 {[%emt 0:00:30]} Ng6 {[%emt 0:00:30]} 8. Be3 {[%emt 0:02:30]} Be7 {[%emt 0:00:30]} 9. d5 {[%emt 0:02:30]} Nb8 {[%emt 0:00:30]} 10. Bc2 {[%emt 0:00:30]} O-O {[%emt 0:00:00]} 11. c4 {[%emt 0:00:30]} c5 {[%emt 0:03:00]} 12. dxc6 {[%emt 0:03:30]} bxc6 {[%emt 0:00:30]} 13. Nc3 {[%emt 0:02:30]} c5 {[%emt 0:11:30]} 14. Nd5 {[%emt 0:00:30]} Nc6 {[%emt 0:00:00]} 15. Ba4 {[%emt 0:03:30]} Rb8 {[%emt 0:08:00]} 16. Rb1 {[%emt 0:06:30]} h6 {[%emt 0:02:30]} 17. a3 {[%emt 0:03:30]} Nd4 {[%emt 0:01:30]} 18. Bxd7 {[%emt 0:03:30]} Qxd7 {[%emt 0:00:30]} 19. b4 {[%emt 0:05:30]} Rfc8 {[%emt 0:07:30]} 20. Bxd4 {[%emt 0:04:30]} cxd4 {[%emt 0:01:30]} 21. Qd3 {[%emt 0:02:30]} Qa4 {[%emt 0:03:30]} 22. Rfc1 {[%emt 0:06:30]} Bg5 {[%emt 0:01:30]} 23. Rc2 {[%emt 0:04:30]} Ne7 {[%emt 0:01:30]} 24. Nxe7+ {[%emt 0:02:30]} Bxe7 {[%emt 0:00:30]} 25. Ne1 {[%emt 0:03:30]} g6 {[%emt 0:01:30]} 26. Qb3 {[%emt 0:02:30]} Qc6 {[%emt 0:00:30]} 27. f3 {[%emt 0:00:30]} Kg7 {[%emt 0:01:30]} 28. b5 {[%emt 0:09:30]} Qb6 {[%emt 0:09:30]} 29. Kh1 {[%emt 0:09:01]} axb5 {[%emt 0:09:30]} 30. cxb5 {[%emt 0:00:09]} Rxc2 {[%emt 0:00:30]} 31. Nxc2 {[%emt 0:02:05]} Rc8 {[%emt 0:00:30]} 32. a4 {[%emt 0:00:09]} Rc3 {[%emt 0:00:30]} 33. Qb2 {[%emt 0:01:19]} Qc5 {[%emt 0:07:30]} 34. Nb4 {[%emt 0:00:38]} Bg5 {[%emt 0:01:30]} 35. a5 {[%emt 0:03:21]} d3 {[%emt 0:02:30]} 36. Nxd3 {[%emt 0:02:55]} Rxd3 {[%emt 0:00:00]} 37. b6 {[%emt 0:00:09]} Bd8 {[%emt 0:02:00]} 38. b7 {[%emt 0:01:28]} Bc7 {[%emt 0:00:00]} 39. b8=Q {[%emt 0:01:31]} Bxb8 {[%emt 0:00:00]} 40. Qxb8 {[%emt 0:00:00]} Qxa5 {[%emt 0:00:30]} 41. h3 {[%emt 0:00:26]} Rd2 {[%emt 0:00:30]} 42. Qc8 {[%emt 0:00:58]} Rb2 {[%emt 0:06:35]} 43. Rxb2 {[%emt 0:00:29]} Qa1+ {[%emt 0:00:25]} 44. Kh2 {[%emt 0:00:03]} Qxb2 {[%emt 0:00:30]} 45. Qd7 {[%emt 0:00:17]} Qd2 {[%emt 0:00:00]} 46. Qe7 {[%emt 0:00:38]} Qf4+ {[%emt 0:00:00]} 47. Kg1 {[%emt 0:00:32]} Qf6 {[%emt 0:00:30]} 48. Qd7 {[%emt 0:00:35]} h5 {[%emt 0:00:30]} 49. Kf2 {[%emt 0:00:47]} Qe6 {[%emt 0:01:30]} 50. Qb7 {[%emt 0:00:27]} Kf6 {[%emt 0:00:30]} 51. Qc7 {[%emt 0:00:46]} Qe7 {[%emt 0:00:30]} 52. Qc8 {[%emt 0:00:34]} Kg7 {[%emt 0:00:30]} 53. Kg1 {[%emt 0:00:37]} Kf6 {[%emt 0:02:16]} 54. Kh2 {[%emt 0:00:23]} Qa7 {[%emt 0:00:12]} 55. Qd8+ {[%emt 0:00:28]} Ke6 {[%emt 0:00:10]} 56. Qe8+ {[%emt 0:00:17]} Qe7 {[%emt 0:00:10]} 57. Qc8+ {[%emt 0:00:37]} Qd7 {[%emt 0:00:03]} 58. Qc4+ {[%emt 0:00:09]} Ke7 {[%emt 0:01:31]} 59. Qd5 {[%emt 0:00:16]} f5 {[%emt 0:00:51]} 60. Qg8 {[%emt 0:01:35]} Qe6 {[%emt 0:00:09]} 61. Qa8 {[%emt 0:00:30]} fxe4 {[%emt 0:00:29]} 62. fxe4 {[%emt 0:00:04]} Kf7 {[%emt 0:00:08]} 63. Qb7+ {[%emt 0:00:22]} Qe7 {[%emt 0:00:05]} 64. Qd5+ {[%emt 0:00:22]} Kg7 {[%emt 0:00:06]} 65. Kh1 {[%emt 0:00:42]} Qf6 {[%emt 0:00:20]} 66. Kg1 {[%emt 0:00:25]} Qe7 {[%emt 0:02:37]} 67. Kh2 {[%emt 0:00:24]} g5 {[%emt 0:00:54]} 68. Qd1 {[%emt 0:01:13]} Kh6 {[%emt 0:01:25]} 69. Qf3 {[%emt 0:00:59]} Qe6 {[%emt 0:00:34]} 70. Qf8+ {[%emt 0:01:49]} Kg6 {[%emt 0:00:02]} 71. Qd8 {[%emt 0:00:17]} h4 {[%emt 0:00:37]} 72. Qa8 {[%emt 0:00:50]} g4 {[%emt 0:00:42]} 73. hxg4 {[%emt 0:00:28]} Kg5 {[%emt 0:00:09]} 74. Qf8 {[%emt 0:00:37]} Kxg4 {[%emt 0:00:16]} 75. Qf3+ {[%emt 0:00:18]} Kg5 {[%emt 0:00:12]} 76. Qe3+ {[%emt 0:00:07]} Kh5 {[%emt 0:00:59]} 77. Qf3+ {[%emt 0:00:18]} Qg4 {[%emt 0:00:48]} 78. Qf7+ {[%emt 0:00:12]} Qg6 {[%emt 0:00:13]} 79. Qf3+ {[%emt 0:00:18]} Qg4 {[%emt 0:02:01]} 80. Qf7+ {[%emt 0:00:43]} Kg5 {[%emt 0:00:08]} 81. Qe7+ {[%emt 0:01:27]} Kf4 {[%emt 0:00:03]} 82. Qxd6 {[%emt 0:00:18]} Qg3+ {[%emt 0:00:23]} 83. Kh1 {[%emt 0:00:06]} Qe1+ {[%emt 0:01:52]} 84. Kh2 {[%emt 0:00:02]} Qxe4 {[%emt 0:00:11]} 85. Qh6+ {[%emt 0:00:26]} Kg4 {[%emt 0:00:26]} 86. Qg7+ {[%emt 0:00:09]} Kh5 {[%emt 0:00:29]} 87. Qh8+ {[%emt 0:00:28]} Kg6 {[%emt 0:00:13]} 88. Qg8+ {[%emt 0:00:45]} Kf6 {[%emt 0:00:28]} 89. Qh8+ {[%emt 0:00:21]} Ke6 {[%emt 0:00:08]} 90. Kh3 {[%emt 0:02:23]} Kd5 {[%emt 0:00:38]} 91. Qd8+ {[%emt 0:00:45]} Kc4 {[%emt 0:00:17]} 92. Qg8+ {[%emt 0:01:13]} Kc3 {[%emt 0:00:11]} 93. Qc8+ {[%emt 0:00:00]} Kd2 {[%emt 0:00:05]} 94. Kh2 {[%emt 0:00:00]} Qd4 {[%emt 0:00:33]} 95. Qh8 {[%emt 0:00:05]} Kd3 {[%emt 0:01:14]} 96. Qh7+ {[%emt 0:00:18]} e4 {[%emt 0:00:11]} 97. Qxh4 {[%emt 0:00:05]} e3 {[%emt 0:00:04]} 98. Qe1 {[%emt 0:01:40]} e2 {[%emt 0:01:04]} 99. Qb1+ {[%emt 0:00:52]} Kd2 {[%emt 0:03:52]} 100. Qa2+ {[%emt 0:00:04]} Ke3 {[%emt 0:00:08]} 101. Qa3+ {[%emt 0:00:10]} Kf2 {[%emt 0:01:30]} 102. Qf3+ {[%emt 0:00:16]} Ke1 {[%emt 0:00:04]} 103. g4 {[%emt 0:00:56]} Qf2+ {[%emt 0:00:28]} 0-1

[Event "Konyaalti Open-A 2019"]
[Site "Konyaalti"]
[Date "2019.11.23"]
[Round "9.10"]
[White "Osmak, Iulija"]
[Black "Rzayev, Askar Aliakbar"]
[Result "1-0"]
[WhiteElo "2401"]
[BlackElo "2116"]
[Annotator "TA"]
[PlyCount "139"]
[EventDate "2019.11.20"]
[EventType "swiss"]
[EventCountry "TUR"]
[SourceTitle "playchess.com"]
[Source "ChessBase"]
[SourceQuality "1"]

{[%evp 26,139,7,0,0,0,13,28,27,27,25,0,0,0,0,0,3,0,0,0,0,0,0,-1,0,-8,-1,-18,-1,-45,0,0,0,0,17,27,37,41,39,42,48,48,43,31,49,49,50,37,40,34,38,28,31,17,25,20,23,16,25,0,0,0,16,0,64,67,65,50,58,44,123,143,133,135,185,179,253,239,270,251,425,400,420,429,414,414,412,408,408,118,370,370,310,117,724,399,362,272,825,751,580,580,6087,5510,29973,29974,29978,29979,29983,29983,29983,29984,29984,29985,29988,29989]} 1. d4 Nf6 2. c4 e6 3. Nc3 Bb4 4. e3 O-O 5. Bd3 c5 6. Nf3 d5 7. O-O cxd4 8. exd4 dxc4 9. Bxc4 b6 10. Bg5 Bxc3 11. bxc3 Bb7 12. Qe2 Nbd7 13. Rac1 Qc7 14. Bd3 h6 {Strongly threatening ...Bxf3. E54: Nimzo-Indian: Rubinstein: Main Line: 7...dxc4 8 Bxc4} (14... Ng4 15. Be4 Bxe4 16. Qxe4 Ngf6 17. Qe2 Rac8 18. c4 h6 19. Bh4 Qb7 20. Rfe1 Rfe8 21. a4 Qa6 22. Qa2 Rc6 23. Qb3 {½-½ (50) Radjabov,T (2793)-Kramnik,V (2810) London 2013}) 15. Bh4 Qf4 {And now ...Bxf3 would win.} 16. Bg3 Qg4 {White has an edge.} 17. h3 Qh5 $146 ({Predecessor:} 17... Bxf3 18. hxg4 Bxe2 19. Bxe2 Rac8 20. Bd6 Rfe8 21. Bb5 a6 22. Bxa6 {0-1 (37) Bortnik,E (2390)-Gniazdowski,M (2382) Poland 2004}) 18. Ne5 {aiming for Nxd7.} Qxe2 19. Bxe2 Nxe5 20. Bxe5 Rac8 21. Rfd1 Rfd8 22. a4 Nd5 23. c4 Ba6 24. Bf1 Ne7 25. Bf4 Rc6 26. Rc2 Nf5 27. Be3 Kf8 28. g4 Nxe3 29. fxe3 Ke7 30. a5 Rdc8 {[%cal Ra6c4]} 31. axb6 axb6 {[%cal Ra6c4]} 32. Rdc1 R6c7 33. Kf2 Bb7 34. Bd3 Ba6 35. Ke2 f6 36. Kd2 Rc6 37. Rc3 g6 38. R1c2 f5 39. Kc1 Kf6 40. Kb2 h5 41. gxh5 gxh5 42. Kb3 Rg8 43. Ra2 Bc8 44. e4 fxe4 (44... Rd8 $11) 45. Bxe4 $14 Rd6 46. Rf3+ Ke7 47. Kc3 Rdd8 (47... Rg1 $14) 48. Rb2 $16 Rd6 49. Rb5 $1 Rh8 50. h4 Bd7 (50... Ba6 $142) 51. Rg5 $18 Be8 52. Rf2 Rf8 $2 (52... Rd7 53. Rb2 Bf7 54. Rxb6 Ra7) 53. Rg7+ Rf7 54. Rfxf7+ Bxf7 {[%mdl 4096] Endgame KRB-KRB} 55. Bg6 Kf6 56. Rxf7+ Kxg6 {KR-KR} 57. Rf4 $2 (57. Rf2 $18 {and White stays clearly on top.} Rd7 58. Rb2) 57... Rd8 $2 {[%mdl 8192] [#]} (57... Rd7 $16) 58. Kb4 $1 {[%cal Rb4b5]} Rc8 {[#]} 59. Re4 $2 (59. Kb5 $1 $18) 59... Rc6 $2 {[%mdl 8192]} (59... Kf6 $16) 60. Re5 Rd6 61. Rg5+ Kh6 $2 (61... Kf7 62. Kc3 (62. Rxh5 Rxd4 63. Rh6 Rd1 $11) 62... Rd8 63. Rxh5 Rg8) 62. Kc3 Rc6 63. c5 bxc5 64. dxc5 Ra6 65. Kb4 {White mates.} Ra1 66. c6 Rb1+ 67. Ka5 Ra1+ 68. Kb6 Rb1+ 69. Rb5 Rc1 70. c7 {Accuracy: White = 57%, Black = 39%.} 1-0